Lettres sur la morale et la religion
Spremljeno u:
| Format: | Knjiga |
|---|---|
| Jezik: | francuski |
| Izdano: |
París
Aubier
1969
|
| Serija: | Bibliothèque Philosophique Bilingue
|
| Teme: | |
| Oznake: |
Dodaj oznaku
Bez oznaka, Budi prvi tko označuje ovaj zapis!
|
MARC
| LEADER | 00000nam a2200000 a 4500 | ||
|---|---|---|---|
| 001 | UCZ4740 | ||
| 003 | CL-VaPUC | ||
| 005 | 20220319074506.0 | ||
| 008 | 951110e19690000FR |||||||||||||||||fre|d | ||
| 999 | |c 241107 |d 241105 | ||
| 040 | |c Pontificia Universidad Católica de Valparaíso | ||
| 082 | 0 | 4 | |a 110 |b KAN |2 21 |
| 245 | 1 | 0 | |a Lettres sur la morale et la religion |
| 260 | |a París |b Aubier |c 1969 | ||
| 300 | |a 236 p | ||
| 490 | 0 | |a Bibliothèque Philosophique Bilingue | |
| 583 | |a last modification |c 19951110 00:00:00 |k Rodrigo Vera | ||
| 650 | 0 | |a Metafísica |9 265649 | |
| 650 | 0 | |a Ética |9 255099 | |
| 650 | 0 | |a Conceptos morales |9 310606 | |
| 650 | 0 | |a Religión |9 255164 | |
| 650 | 0 | |a Filosofía de la naturaleza |9 265899 | |
| 650 | 0 | |a Correspondencia |9 258963 | |
| 852 | |a BIBCUR | ||
| 942 | |c BK |2 ddc | ||
| 945 | |d 19951110 00:00:00 |a lriquelm | ||
| 952 | |0 0 |1 0 |4 0 |6 110_000000000000000_KAN_1969 |7 0 |8 P |9 253270 |a BIBEDU |b BIBEDU |c BIBEDU_PB |d 2019-11-19 |i 1597981 |o 110 KAN 1969 |p 1597981 |r 2024-01-25 |w 2019-11-19 |y BK |k FIL | ||